000 00726nam a2200193Ii 4500
003 JO-AjNU
008 230605s9999||||xx |||||||||||||| ||und||
040 _aJO-AjNU
_bara
_erda
_cJO-AjNU
041 _aara
050 1 4 _aBP80.M8 1981
100 3 _aتاليف شرف، محمد جلال أبو الفتوح,
_eauthor
_959424
245 0 0 _aجلال الدين السيوطي: منهجه وآراؤه الكلامية
264 3 1 _aبيروت: دار النهضة العربية، 1981
300 _a120ص
336 _atext
_btxt
_2rdacontent
337 _aunmediated
_bn
_2rdamedia
338 _avolume
_bnc
_2rdacarrier
650 4 _aاللغة العربية-علوم اللغة-اللغة العربية-الفاظ
_959425
999 _aA26740
_c30308
_d30308